000 00820nas a2200265 4500
001 BR9205932
003 BR-BrBNA
005 20231205094637.0
007 ta
008 230509b bl.|||p| |||| 00| 00por d
040 _aBR-BrBNA
_bpor
_cBiblioteca Nacional de Agricultura
041 _a(Pt)
072 _aF02
100 1 _aArello, E.F.
100 1 _aPasqual, M.
100 1 _aPinto, J.E.B.F.
245 1 _aInfluencia do NAA e BAP sobre a multiplicacao de brotos da macieira (Malus domestica Bork)cv. Melrose in vitro
650 _aMaca
650 _aMicropropagacao
650 _aMeristema
650 _aRegulador de Crescimento
773 0 _tCiencia e Pratica (Brazil)
_xISSN 0100-3267
_g(Sep-Dec 1989), v. 13(3) p. 306-313
_wBR9205932
909 _a202311
_bLúcia
_c55
_dLúcia Elande
942 _2AGRIS
_n0
_cANA
999 _c145846
_d145846